Analýza systému starobného dôchodkového sporenia diplomová práca

Enregistré dans:
Détails bibliographiques
Auteur principal: Bogdanová, Andrea
Collectivité auteur: Národohospodárska fakulta EU. Katedra sociálneho rozvoja a práce
Autres auteurs: Rievajová, Eva
Format: Livre
Langue:slovaque
Publié: Bratislava 2013
Tags: Ajouter un tag
Pas de tags, Soyez le premier à ajouter un tag!

MARC

LEADER 00000nbm a2200000 4500
001 0169297
005 20161109102254.4
041 0 |a slo 
044 |a SK 
245 1 0 |a Analýza systému starobného dôchodkového sporenia  |b diplomová práca  |c Andrea Bogdanová ; školiteľ: Eva Rievajová 
264 1 |a Bratislava  |c 2013 
300 |a 78 s. 
100 1 |a Bogdanová, Andrea 
700 1 |a Rievajová, Eva 
710 2 |a Národohospodárska fakulta EU. Katedra sociálneho rozvoja a práce